=LDR 00000nam 2200000 4500 =001 INLIS000000000022444 =005 20130612121212 =008 ***********************************Ind** =035 ##$$0010-061300000022444 =041 ##$$a Ind =082 ##$$a 631 =090 ##$$a 631, Mos-m =100 ##$$a Mosher, A.T =245 ##$$a Menciptakan struktur pedesaan progresif, Untuk melayani pertanian modern, A.T. Mosher =260 ##$$a 1986 $b Jaakarta =300 ##$$a 219 hlm., ilus., 21 cm =650 ##$$a Pertanian modern =850 ##$$a NBPNMAT